LEADER 00942nam0-22003371i-450 001 990000859580403321 005 20190605131849.0 010 $a0-13-041418-2 035 $a000085958 035 $aFED01000085958 035 $a(Aleph)000085958FED01 035 $a000085958 100 $a20001010d1984----km-y0itay50------ba 101 0 $aeng 102 $aUS 105 $ay-------001yy 200 1 $aApplied numerical methods for the microcomputer$fT. E. Hhoup 210 $aEnglewood Cliff- NEW Jersey$cPrentice- Hall$d1984 215 $aX, 262 p.$cill.$d23 cm 610 0 $aMatematica applicata 610 0 $aCalcolatori 676 $a519.4 700 1$aShoup,$bTerry E.$042421 801 0$aIT$bUNINA$gRICA$2UNIMARC 901 $aBK 912 $a990000859580403321 952 $a02 46 E 27$b5734$fFINBN 959 $aFINBN 996 $aApplied numerical methods for the microcomputer$91554335 997 $aUNINA DB $aING01 LEADER 03178nam 2200613 a 450 001 9910141266003321 005 20200520144314.0 010 $a1-280-59238-9 010 $a9786613622211 010 $a1-118-30983-9 010 $a1-118-30987-1 010 $a1-118-30986-3 035 $a(CKB)2670000000203832 035 $a(EBL)832598 035 $a(OCoLC)793995928 035 $a(SSID)ssj0000632078 035 $a(PQKBManifestationID)11386458 035 $a(PQKBTitleCode)TC0000632078 035 $a(PQKBWorkID)10599598 035 $a(PQKB)11718969 035 $a(MiAaPQ)EBC832598 035 $a(Au-PeEL)EBL832598 035 $a(CaPaEBR)ebr10643080 035 $a(CaONFJC)MIL362221 035 $a(PPN)178931357 035 $a(EXLCZ)992670000000203832 100 $a20111116d2012 uy 0 101 0 $aeng 135 $aurcn||||||||| 181 $ctxt 182 $cc 183 $acr 200 00$aApplications of transition metal catalysis in drug discovery and development$b[electronic resource] $ean industrial perspective /$fedited by Matthew L. Crawley, Barry M. Trost 210 $aHoboken, N.J. $cJohn Wiley & Sons$dc2012 215 $a1 online resource (376 p.) 300 $aDescription based upon print version of record. 311 $a0-470-63132-5 320 $aIncludes bibliographical references and index. 327 $aTransition metal catalysis in the pharmaceutical industry / Carl A. Busacca ... [et al.] -- Selected applications of transition metal-catalyzed carbon-carbon cross-coupling reactions in the pharmaceutical industry / Hong C. Shen -- Selected applications of Pd and Cu-catalyzed carbon-heteroatom cross-coupling reactions in the pharmaceutical industry / Jingjun Yin -- Asymmetric cross-coupling reactions / William A. Szabo and Vince Yeh -- Metathesis / Oliver Thiel -- Transition metal-catalyzed synthesis of five and six membered heterocycles / Cheol K. Chung and Matthew L. Crawley -- Oxidative catalysis / Lamont Terrell -- Industrial asymmetric hydrogenation / Hans-Ulrich Blaser. 330 $aThis book focuses on the drug discovery and development applications of transition metal catalyzed processes, which can efficiently create preclinical and clinical drug candidates as well as marketed drugs. The authors pay particular attention to the challenges of transitioning academically-developed reactions into scalable industrial processes. Additionally, the book lays the groundwork for how continued development of transition metal catalyzed processes can deliver new drug candidates. This work provides a unique perspective on the applications of transition metal catalysis in drug discovery 606 $aDrug development 606 $aTransition metal catalysts 615 0$aDrug development. 615 0$aTransition metal catalysts. 676 $a615.1/9 701 $aCrawley$b Matthew L$0880496 701 $aTrost$b Barry M$091554 801 0$bMiAaPQ 801 1$bMiAaPQ 801 2$bMiAaPQ 906 $aBOOK 912 $a9910141266003321 996 $aApplications of transition metal catalysis in drug discovery and development$91966067 997 $aUNINA LEADER 06027nam 22011773u 450 001 9910446322503321 005 20230124185455.0 010 $a1-78064-281-4 035 $a(CKB)2560000000261774 035 $a(EBL)1562702 035 $a(SSID)ssj0001110860 035 $a(PQKBManifestationID)12383627 035 $a(PQKBTitleCode)TC0001110860 035 $a(PQKBWorkID)11141950 035 $a(PQKB)10762760 035 $a(EXLCZ)992560000000261774 100 $a20151123d2013|||| u|| | 101 0 $aeng 135 $aur|n|---||||| 181 $ctxt 182 $cc 183 $acr 200 10$aEncyclopedia of Medical and Veterinary Entomology$b[electronic resource] 210 $cCABI$d2013 215 $a1 online resource (454 p.) 300 $aDescription based upon print version of record. 311 $a1-78064-037-4 327 $aContents; Preface and Acknowledgements; Introduction - Part I: The Creatures; Introduction - Part II: The Context; Ants (Hymenoptera: Formicidae); Bed Bugs (Hemiptera: Cimicidae); Bees and Wasps (Hymenoptera: Apidae, Vespidae and Others); Beetles (Coleoptera: Meloidae, Oedemeridae, Staphylinidae and Others); Biting Midges (Diptera: Ceratopogonidae); Black Flies (Diptera: Simuliidae); Blow Flies and Screw-worm Flies (Diptera: Calliphoridae); Butterflies and Moths (Lepidoptera); Centipedes (Scolopendromorpha: Scolopendridae, Scolopocryptopidae and Cryptopidae) 327 $aCockroaches (Blattodea: Blattidae, Blatellidae and Blaberidae)Eye Flies (Diptera: Chloropidae and Drosophilidae); Fleas (Siphonaptera); Flesh Flies (Diptera: Sarcophagidae); Horn Flies (Diptera: Muscidae, Haematobia); Horse Flies (Diptera: Tabanidae); House Flies and Other Non-biting Flies (Diptera: Muscidae and Fanniidae); Human Bot Fly (Torsalo)/New World Skin Bot Flies (Diptera: Oestridae: Cuterebrinae); Keds and Louse Flies (Diptera: Hippoboscidae); Kissing Bugs (Hemiptera: Reduviidae); Lice (Chewing) (Phthiraptera: Amblycera and Ischnocera); Lice (Sucking) (Phthiraptera: Anoplura) 327 $aMillipedes (Polydesmida and Spirobolida)Mites (Arachnida: Acari); Mosquitoes (Diptera: Culicidae); Nasal Bot Flies (Diptera: Oestridae, Oestrinae); Non-biting Midges (Diptera: Chironomidae); Sand Flies (Diptera: Psychodidae, Phlebotominae); Scorpions (Arachnida: Scorpiones); Spiders (Arachnida: Araneae); Stable Flies (Diptera: Muscidae, Stomoxys); Stomach Bot Flies (Diptera: Oestridae, Gasterophilinae); Ticks (Hard) (Acari: Ixodidae); Ticks (Soft) (Acari: Argasidae); Tsetse Flies (Diptera: Glossinidae); Tumbu Flies (Diptera: Calliphoridae) 327 $aWarble Flies/Old World Skin Bot Flies (Diptera: Oestridae: Hypodermatinae)Index; A; B; C; D; E; F; G; H; I; J; K; L; M; N; O; P; Q; R; S; T; V; W; X; Y; Z 330 $aArthropod transmitted infections continue to be a front-line issue in all regions of the world. Understanding the insects that transmit diseases, the mechanisms of infection and the resulting diseases is vital to doctors, veterinarians, public health workers and disease control agencies. This major reference examines the biology, classification and control of arthropods that cause disease in animals and humans. The morphology, taxonomy and phylogeny of fleas, flies, lice, mites, midges, mosquitoes and ticks are described, with descriptions of their medical and veterinary significance, diseases 606 $aArthropod vectors -- Encyclopedias 606 $aEntomology -- Methods -- Encyclopedias -- English 606 $aInsect vectors -- Encyclopedias -- English 606 $aInsects -- Pathogenicity -- Encyclopedias -- English 606 $aArthropod vectors$vEncyclopedias 606 $aVeterinary entomology$vEncyclopedias 606 $aInsects as carriers of disease$vEncyclopedias 606 $aArthropods 606 $aArthropod Vectors 606 $aZoology 606 $aInvertebrates 606 $aDisease Vectors 606 $aBiology 606 $aDisease Transmission, Infectious 606 $aAnimals 606 $aBiological Science Disciplines 606 $aNatural Science Disciplines 606 $aEukaryota 606 $aPublic Health 606 $aOrganisms 606 $aDisciplines and Occupations 606 $aEnvironment and Public Health 606 $aDelivery of Health Care 606 $aEntomology 606 $aInsecta 606 $aInsect Vectors 606 $aPublic Health$2HILCC 606 $aHealth & Biological Sciences$2HILCC 606 $aTransmission of Disease$2HILCC 615 4$aArthropod vectors -- Encyclopedias. 615 4$aEntomology -- Methods -- Encyclopedias -- English. 615 4$aInsect vectors -- Encyclopedias -- English. 615 4$aInsects -- Pathogenicity -- Encyclopedias -- English. 615 0$aArthropod vectors 615 0$aVeterinary entomology 615 0$aInsects as carriers of disease 615 2$aArthropods. 615 2$aArthropod Vectors. 615 2$aZoology. 615 2$aInvertebrates. 615 2$aDisease Vectors. 615 2$aBiology. 615 2$aDisease Transmission, Infectious. 615 2$aAnimals. 615 2$aBiological Science Disciplines. 615 2$aNatural Science Disciplines. 615 2$aEukaryota. 615 2$aPublic Health. 615 2$aOrganisms 615 2$aDisciplines and Occupations 615 2$aEnvironment and Public Health. 615 2$aDelivery of Health Care. 615 2$aEntomology. 615 2$aInsecta. 615 2$aInsect Vectors. 615 7$aPublic Health 615 7$aHealth & Biological Sciences 615 7$aTransmission of Disease 676 $a614.4303 700 $aRussell$b R.C$0949559 701 $aOtranto$b D$0949560 701 $aWall$b R.L$0949561 801 0$bAU-PeEL 801 1$bAU-PeEL 801 2$bAU-PeEL 906 $aBOOK 912 $a9910446322503321 996 $aEncyclopedia of Medical and Veterinary Entomology$92146274 997 $aUNINA